| 000 | 00570nam a22001937a 4500 | ||
|---|---|---|---|
| 003 | OSt | ||
| 005 | 20240611123743.0 | ||
| 008 | 240611b |||||||| |||| 00| 0 eng d | ||
| 040 | _cMUST | ||
| 082 | _a511.8 DYN 1999 | ||
| 100 |
_aBohr , Tomas [et ..al ] _917046 |
||
| 245 | _aDynamic Systems Approach to Turbulence | ||
| 260 |
_aUSA _b: Cambridge University Press _c,1998 |
||
| 300 |
_axx,350p. _b; ill. _c;25 cm |
||
| 440 |
_aCambridge Nonlinear Science series 8 _917047 |
||
| 504 | _aReferences | ||
| 650 | _2Turbulence - Mathematical models | ||
| 942 |
_2ddc _cO_SHELF |
||
| 999 |
_c8379 _d8379 |
||